<?xml version="1.0" encoding="UTF-8"?>
<collection xmlns="http://www.loc.gov/MARC21/slim">
 <record>
  <leader>03679nam a2200385 i 4500</leader>
  <controlfield tag="001">33659</controlfield>
  <controlfield tag="003">BD-DhAAL</controlfield>
  <controlfield tag="005">20180814131154.0</controlfield>
  <controlfield tag="008">180814t2017    mauab    b    001 0 eng d</controlfield>
  <datafield tag="999" ind1=" " ind2=" ">
   <subfield code="c">39356</subfield>
   <subfield code="d">39356</subfield>
  </datafield>
  <datafield tag="010" ind1=" " ind2=" ">
   <subfield code="a">  2016963540</subfield>
  </datafield>
  <datafield tag="020" ind1=" " ind2=" ">
   <subfield code="a">9780081005538 (print)</subfield>
  </datafield>
  <datafield tag="020" ind1=" " ind2=" ">
   <subfield code="z">9780081005590</subfield>
  </datafield>
  <datafield tag="035" ind1=" " ind2=" ">
   <subfield code="a">(OCoLC)ocn953222754</subfield>
  </datafield>
  <datafield tag="040" ind1=" " ind2=" ">
   <subfield code="a">YDXCP</subfield>
   <subfield code="b">eng</subfield>
   <subfield code="c">YDXCP</subfield>
   <subfield code="e">rda</subfield>
   <subfield code="d">BTCTA</subfield>
   <subfield code="d">BDX</subfield>
   <subfield code="d">CDX</subfield>
   <subfield code="d">OCLCF</subfield>
   <subfield code="d">DLC</subfield>
   <subfield code="d">BD-DhAAL</subfield>
  </datafield>
  <datafield tag="042" ind1=" " ind2=" ">
   <subfield code="a">lccopycat</subfield>
  </datafield>
  <datafield tag="043" ind1=" " ind2=" ">
   <subfield code="a">a------</subfield>
  </datafield>
  <datafield tag="050" ind1="0" ind2="0">
   <subfield code="a">LA1058</subfield>
   <subfield code="b">.R57 2017</subfield>
  </datafield>
  <datafield tag="082" ind1="0" ind2="4">
   <subfield code="a">378.5</subfield>
   <subfield code="2">23</subfield>
  </datafield>
  <datafield tag="245" ind1="0" ind2="4">
   <subfield code="a">The rise of quality assurance in Asian higher education /</subfield>
   <subfield code="c">edited by Mahsood Shah and Quyen T.N. Do</subfield>
  </datafield>
  <datafield tag="260" ind1=" " ind2=" ">
   <subfield code="a">Cambridge, MA, United States :</subfield>
   <subfield code="b">Chandos Publishing,</subfield>
   <subfield code="c">c2017</subfield>
  </datafield>
  <datafield tag="300" ind1=" " ind2=" ">
   <subfield code="a">xxxi, 220 pages :</subfield>
   <subfield code="b">some color illustrations, map ;</subfield>
   <subfield code="c">23 cm.</subfield>
  </datafield>
  <datafield tag="504" ind1=" " ind2=" ">
   <subfield code="a">Includes bibliographical references and index.</subfield>
  </datafield>
  <datafield tag="505" ind1=" " ind2=" ">
   <subfield code="a">	1. Stakeholder Views of Quality Assurance in Cambodian Higher Education 2. Quality Assurance in Chinese Higher Education 3. Quality Assurance in Hong Kong: Fit for Cultural Perception 4. Quality Assurance in Higher Education- An Indian Experience 5. The rise of quality assurance in Indonesian higher education 6. Quality Assurance in Higher Education of Kazakhstan 7. A Review of the System and Issues 8. Quality Assurance System in Korean Higher Education: Development and Challenges 9. Quality Assurance and Quality Enhancement in Malaysian Higher Education 10. Quality Assurance Mechanisms in Mongolian Higher Education 11. The Rise of Quality Assurance in Thailand 12. Transforming Higher Education in Uzbekistan: from Quality Control to Quality Assurance Culture 13. Quality assurance in Vietnamese higher education: a top-down approach and compliance-driven QA</subfield>
  </datafield>
  <datafield tag="520" ind1=" " ind2=" ">
   <subfield code="a">The rise of quality assurance in Asian higher education provides information on the well researched quality assurance frameworks, processes, standards, and internal and external monitoring that have taken place around the globe. However, in Asia, where higher education has witnessed rapid growth, and is also contributing significantly to international education which is benefited by many developed countries, this data has not been readily available. In recent years, governments in Asia have made significant investment with an aim of creating education hubs to ensure that higher education is internationally competitive. This book examines the developments in higher education quality assurance in eleven Asian countries, providing systematic insights into national quality assurance arrangements and also examining the different approaches governments in Asia have implemented based on social and economic contexts. Includes chapters from eleven countries that examine quality assurance arrangements. Explores untold case studies of countries, such as Mongolia, Uzbekistan, Kazakhstan, Cambodia, Indonesia, Thailand, Korea, India, and others. Examines higher education context, quality assurance arrangements, effectiveness, challenges, and international quality assurance in Asia. Offers contributions from leading scholars and practitioners who are working in higher education in Asia.</subfield>
  </datafield>
  <datafield tag="526" ind1=" " ind2=" ">
   <subfield code="a">IQAC</subfield>
  </datafield>
  <datafield tag="541" ind1=" " ind2=" ">
   <subfield code="a">Trim Education</subfield>
   <subfield code="e">33659</subfield>
  </datafield>
  <datafield tag="650" ind1=" " ind2="0">
   <subfield code="a">Education, Higher</subfield>
   <subfield code="z">Asia</subfield>
   <subfield code="x">Evaluation.</subfield>
   <subfield code="9">27881</subfield>
  </datafield>
  <datafield tag="650" ind1=" " ind2="7">
   <subfield code="a">Education, Higher</subfield>
   <subfield code="x">Evaluation.</subfield>
   <subfield code="2">fast</subfield>
   <subfield code="9">27882</subfield>
  </datafield>
  <datafield tag="651" ind1=" " ind2="7">
   <subfield code="a">Asia.</subfield>
   <subfield code="2">fast</subfield>
   <subfield code="9">27883</subfield>
  </datafield>
  <datafield tag="700" ind1="1" ind2=" ">
   <subfield code="a">Shah, Mahsood.</subfield>
   <subfield code="9">27884</subfield>
  </datafield>
  <datafield tag="700" ind1="1" ind2=" ">
   <subfield code="a">Do, Quyen T.N.</subfield>
   <subfield code="9">27885</subfield>
  </datafield>
  <datafield tag="852" ind1=" " ind2=" ">
   <subfield code="a">Ayesha Abed Library</subfield>
   <subfield code="c">General Stacks</subfield>
  </datafield>
  <datafield tag="942" ind1=" " ind2=" ">
   <subfield code="2">ddc</subfield>
   <subfield code="c">BK</subfield>
  </datafield>
  <datafield tag="952" ind1=" " ind2=" ">
   <subfield code="0">0</subfield>
   <subfield code="1">0</subfield>
   <subfield code="2">ddc</subfield>
   <subfield code="4">0</subfield>
   <subfield code="6">378_500000000000000_THE</subfield>
   <subfield code="7">0</subfield>
   <subfield code="9">64207</subfield>
   <subfield code="a">BRACUL</subfield>
   <subfield code="b">BRACUL</subfield>
   <subfield code="c">CIR</subfield>
   <subfield code="d">2018-08-05</subfield>
   <subfield code="e">Trim Education</subfield>
   <subfield code="g">5370.00</subfield>
   <subfield code="l">0</subfield>
   <subfield code="o">378.5 THE</subfield>
   <subfield code="p">3010033659</subfield>
   <subfield code="r">2018-08-05</subfield>
   <subfield code="t">1</subfield>
   <subfield code="v">5370.00</subfield>
   <subfield code="w">2018-08-05</subfield>
   <subfield code="y">1HOUR</subfield>
  </datafield>
 </record>
</collection>
